000
00287nam a22001217a 4500
008
170615b xxu||||| |||| 00| 0 eng d
041
_a
eng
080
_a
34
100
_a
19
101
_a
SHP
245
_a
INTRUDUCTION TO AMERICAN CONSTITUTIONAL LAW
_c
HELLER.F.H
942
_2
udc
_c
BK
999
_c
17530
_d
17530